书目信息 |
| 题名: |
绞刑架下的报告
|
|
| 作者: | 伏契克 著 ;尤利乌斯伏契克 著 | |
| 分册: | ||
| 出版信息: | 北京 中国青年出版社 1995.08 |
|
| 页数: | 153页 | |
| 开本: | 18cm | |
| 丛书名: | ||
| 单 册: | ||
| 中图分类: | I514.4 | |
| 科图分类: | ||
| 主题词: | 文学 | |
| 电子资源: | ||
| ISBN: | 7-5006-2966-4 | |
| 000 | 00699 nam 000253 | |
| 001 | 0100024030 | |
| 005 | 20091120152319.50 | |
| 010 | @a7-5006-2966-4@dCNY4.20 | |
| 100 | @a20090704d2005 em y0chiy0121 ea | |
| 101 | @achi | |
| 102 | @aCN@b110000 | |
| 105 | @ay z 000yy | |
| 106 | @ar | |
| 200 | 10 | @a绞刑架下的报告@9jiao xing jia xia de bao gao@f(捷)伏契克著@F(jie)fu qi ke zhu |
| 210 | @a北京@c中国青年出版社@d1995.08 | |
| 215 | @a153页@d18cm | |
| 540 | @a绞刑架下的报告 | |
| 606 | @a文学 | |
| 690 | @aI514.4@v4 | |
| 701 | 0 | @a伏契克@Afu qi ke@4著 |
| 711 | 0 | @a尤利乌斯伏契克@9you li wu si fu qi ke@4著 |
| 801 | @aCN@c20091120 | |
| 901 | @a209913 | |
| 905 | @b906094@dI514.4@eF647@f1 | |
| 绞刑架下的报告/(捷)伏契克著.-北京:中国青年出版社,1995.08 |
| 153页;18cm |
| ISBN 7-5006-2966-4:CNY4.20 |
| ● |
| 相关链接 |
|
|
|
正题名:绞刑架下的报告
索取号:I514.4/F647
 
预约/预借
| 序号 | 登录号 | 条形码 | 馆藏地/架位号 | 状态 | 备注 |
| 1 | 906094 | 209060941 | 社科二线400B/400B社科库 10排4列2层/ [索取号:I514.4/F647] | 在馆 |